Join our earth club!! / (Record no. 155981)

MARC details
000 -LEADER
fixed length control field 00767cam a2200229 i 4500
005 - DATE AND TIME OF LATEST TRANSACTION
control field 20180817110025.0
010 ## - LCCN (DPL NO)
LC control number B-701331
020 ## - INTERNATIONAL STANDARD BOOK NUMBER
International Standard Book Number 9789386106759
Terms of availability 125.00
035 ## - SYSTEM CONTROL NUMBER
System control number B-701331
037 ## - SOURCE OF ACQUISITION
Stock number DBAD
Source of stock number/acquisition dpl
082 04 - DEWEY DECIMAL CLASSIFICATION NUMBER
Classification number S
100 1# - MAIN ENTRY--PERSONAL NAME
Personal name Auntie, Kimmie
245 10 - TITLE STATEMENT
Title Join our earth club!! /
Statement of responsibility, etc by Kimmie auntie :illustrsted by Ayesh Shadr [and] Ishan Dasgupta
260 ## - PUBLICATION, DISTRIBUTION, ETC. (IMPRINT)
Place of publication, distribution, etc Gurgaon
Name of publisher, distributor, etc Scholastic
Date of publication, distribution, etc 2016
270 ## - ADDRESS
Address A-27,Ground floor, Sigma Centre, Inficity-1, Sector-34,
City Gurgaon
Postal code 122001
300 #2 - PHYSICAL DESCRIPTION
Extent v.p. :
Other physical details illustrations ;
Dimensions 21 cm (pbk)
490 ## - SERIES STATEMENT
Series statement Yhe best me!
Volume number/sequential designation Environment
700 ## - ADDED ENTRY--PERSONAL NAME
Personal name Ayeshe Shadr
700 ## - ADDED ENTRY--PERSONAL NAME
Personal name Dasgupta, Ishan .
942 ## - ADDED ENTRY ELEMENTS (KOHA)
Source of classification or shelving scheme Dewey Decimal Classification
Item type Children Books
Classification part S
Call number suffix AUN
Holdings
Withdrawn status Lost status Not for loan Collection code Home library Current library Date acquired Source of acquisition Cost, normal purchase price Full call number Barcode Copy number Cost, replacement price Koha item type
      Fiction Ashok Vihar Ashok Vihar 17/08/2018 DBAD/Children/Gift/02.08.2018 125.00 S AUN B-701331 1 125.00 Children Books

© Delhi Public Library
Hit Counter
free hit counter